Parlano i combattenti; (Record no. 1519)

MARC details
000 -LEADER
fixed length control field 00751cam a22002171 4500
001 - CONTROL NUMBER
control field af 47002037
003 - CONTROL NUMBER IDENTIFIER
control field DLC
005 - DATE AND TIME OF LATEST TRANSACTION
control field 20260227110811.0
008 - FIXED-LENGTH DATA ELEMENTS--GENERAL INFORMATION
fixed length control field 900809s1942 it f 000 0 ita c
010 ## - LIBRARY OF CONGRESS CONTROL NUMBER
LC control number af 47002037
035 ## - SYSTEM CONTROL NUMBER
System control number (OCoLC)22197907
040 ## - CATALOGING SOURCE
Original cataloging agency Hoover Library, Stanford Univ.
Transcribing agency CSt-H
Modifying agency DLC
042 ## - AUTHENTICATION CODE
Authentication code premarc
050 00 - LIBRARY OF CONGRESS CALL NUMBER
Classification number D811
Item number .C72
100 1# - MAIN ENTRY--PERSONAL NAME
Personal name Cremascoli, Franco,
Relator term ed.
245 10 - TITLE STATEMENT
Title Parlano i combattenti;
Remainder of title radiocronache di guerra trasmesse dall'E.I.A.R.,
Statement of responsibility, etc. raccolte a cura di Franco Cremascoli.
260 ## - PUBLICATION, DISTRIBUTION, ETC.
Place of publication, distribution, etc. Roma,
Name of publisher, distributor, etc. Ente italiano audizioni radiofoniche,
Date of publication, distribution, etc. 1942.
300 ## - PHYSICAL DESCRIPTION
Extent 174 p. incl. plates.
Dimensions 24 cm.
650 #0 - SUBJECT ADDED ENTRY--TOPICAL TERM
Topical term or geographic name entry element World War, 1939-1945
General subdivision Personal narratives, Italian.
710 2# - ADDED ENTRY--CORPORATE NAME
Corporate name or jurisdiction name as entry element Ente italiano audizioni radiofoniche.

No items available.

Powered by Koha